书目信息 |
| 题名: |
工程测量学
|
|
| 作者: | 李章树 , 倪家明 , 刘蒙蒙 主编 | |
| 分册: | ||
| 出版信息: | 北京 化学工业出版社 2024.10 |
|
| 页数: | 309页 | |
| 开本: | 26cm | |
| 丛书名: | ||
| 单 册: | ||
| 中图分类: | TB22 | |
| 科图分类: | ||
| 主题词: | 工程测量--gong cheng ce liang--高等学校--教材 | |
| 电子资源: | ||
| ISBN: | 978-7-122-44843-9 | |
| 000 | 01117nam0 2200289 450 | |
| 001 | 95104 | |
| 005 | 20250901190622.06 | |
| 010 | @a978-7-122-44843-9@dCNY57.00 | |
| 100 | @a20240905d2024 em y0chiy50 ea | |
| 101 | 0 | @achi |
| 102 | @aCN@b110000 | |
| 105 | @aak a 000yy | |
| 106 | @ar | |
| 200 | 1 | @a工程测量学@Agong cheng ce liang xue@f李章树, 倪家明, 刘蒙蒙主编 |
| 205 | @a第2版 | |
| 210 | @a北京@c化学工业出版社@d2024.10 | |
| 215 | @a309页@c图@d26cm | |
| 320 | @a有书目 | |
| 330 | @a本书主要内容包括: 高程测量、角度测量、距离测量、测量误差基本理论、全站仪及全球定位技术、小区域控制测量、大比例尺地形图测绘、地形图的应用、施工测量的基本工作、工业与民用建筑施工测量、道路工程测量、桥梁与隧道工程测量、变形监测、智能测绘。 | |
| 333 | @a化学工业出版社“十四五”普通高等教育规划教材 普通高等教育一流本科专业建设成果教材 | |
| 606 | 0 | @a工程测量@Agong cheng ce liang@x高等学校@j教材 |
| 690 | @aTB22@v5 | |
| 701 | 0 | @a李章树@Ali zhang shu@4主编 |
| 701 | 0 | @a倪家明@Ani jia ming@4主编 |
| 701 | 0 | @a刘蒙蒙@Aliu meng meng@4主编 |
| 801 | 0 | @aCN@c20250909 |
| 905 | @a河南城建学院图书馆@dTB22@eL330=2@f1 | |
| 工程测量学/李章树, 倪家明, 刘蒙蒙主编.-第2版.-北京:化学工业出版社,2024.10 |
| 309页:图;26cm |
| 使用对象:化学工业出版社“十四五”普通高等教育规划教材 普通高等教育一流本科专业建设成果教材 |
| ISBN 978-7-122-44843-9:CNY57.00 |
| 本书主要内容包括: 高程测量、角度测量、距离测量、测量误差基本理论、全站仪及全球定位技术、小区域控制测量、大比例尺地形图测绘、地形图的应用、施工测量的基本工作、工业与民用建筑施工测量、道路工程测量、桥梁与隧道工程测量、变形监测、智能测绘。 |
| ● |
| 相关链接 |
|
|
|
正题名:工程测量学
索取号:TB22/L330=2
 
预约/预借
| 序号 | 登录号 | 条形码 | 馆藏地/架位号 | 状态 | 备注 |
| 1 | 1629162 | 216291625 | 自科库501/501自科库 5排2列4层/ [索取号:TB22/L330=2] | 在馆 |